El cambio climático con enfoque penal y tributario (Registro nro. 36319)
[ vista simple ]
| 000 -LEADER | |
|---|---|
| fixed length control field | 00405 a2200121 4500 |
| 001 - CONTROL NUMBER | |
| control field | ART_61621 |
| 005 - DATE AND TIME OF LATEST TRANSACTION | |
| control field | 20260410162056.0 |
| 008 - FIXED-LENGTH DATA ELEMENTS--GENERAL INFORMATION | |
| fixed length control field | 260409a |
| 100 1# - MAIN ENTRY--PERSONAL NAME | |
| Personal name | Ferré Olive, Edgardo Héctor |
| 245 10 - TITLE STATEMENT | |
| Title | El cambio climático con enfoque penal y tributario |
| 700 1# - ADDED ENTRY--PERSONAL NAME | |
| Personal name | Vanella, Carolina A. |
| 773 0# - HOST ITEM ENTRY | |
| Title | Temas de derecho penal y procesal penal |
| Related parts | - Año 5, N° 8 (ago. 2023) |
| Record control number | REV60798 |
No hay ítems disponibles.